Ăn để sướng hay ăn để sợ
Những bài viết về an toàn thực phẩm giúp bạn hiểu biết và phòng tránh những tác hại trong ăn uống một cách an toàn, chứ không phải vừa ăn vừa sợ.
Gespeichert in:
| 1. Verfasser: | |
|---|---|
| Format: | Buch |
| Sprache: | Vietnamese |
| Veröffentlicht: |
H.
Phụ nữ
2016
|
| Schlagworte: | |
| Tags: |
Tag hinzufügen
Keine Tags, Fügen Sie den ersten Tag hinzu!
|
| Thư viện lưu trữ: | Thư viện Trường Đại học Nam Cần Thơ |
|---|
| LEADER | 00941nam a22001937a 4500 | ||
|---|---|---|---|
| 001 | NCT_58595 | ||
| 008 | 190131b xxu||||| |||| 00| 0 vie d | ||
| 999 | |c 2839 |d 2839 | ||
| 020 | |a 9786045637159 |c 128000 | ||
| 082 | 0 | 4 | |2 23rd ed. |a 363.192 |b Th107 |
| 100 | 1 | |a Vũ Thế Thành | |
| 245 | 1 | 0 | |a Ăn để sướng hay ăn để sợ |c Vũ Thế Thành |
| 260 | |a H. |b Phụ nữ |c 2016 | ||
| 300 | |a 360 tr. |c 21cm | ||
| 520 | 3 | |a Những bài viết về an toàn thực phẩm giúp bạn hiểu biết và phòng tránh những tác hại trong ăn uống một cách an toàn, chứ không phải vừa ăn vừa sợ. | |
| 653 | |a Sách tham khảo | ||
| 942 | |2 ddc |c BK | ||
| 952 | |0 0 |1 0 |2 ddc |4 0 |6 363_192000000000000_TH107 |7 0 |9 15353 |a 000001 |b 000001 |d 2019-01-31 |o 363.192 Th107 |p TK.01280 |r 2019-01-31 |v 128000.00 |w 2019-01-31 |y BK | ||
| 980 | |a Thư viện Trường Đại học Nam Cần Thơ | ||


